000 00307 a2200121 4500
001 12914
082 _a621.3815324IRO
090 _c9898
_d9898
100 _aIrons,F.H
245 _aActive Filters for Integrated-Circuit Applications
260 _aLONDON
_bArtech House
_c2005
300 _axiii, 408 p
942 _aNUST-CAE
_k621.3815324IRO
999 _c247987
_d247987